00727nam a2200217 a 450000100100000000500170001000800410002702000150006804000250008308200150010810000240012324500900014726000710023730000470030849000100035550000220036550000380038750400540042570000200047983000100049900000241920200929150208.0090702s2004 sp acd 000 0 spa d a8493350400 aDO-SdBNPbspacBNPHU axxxbC357b1 aCátedra, Pedro M.10aBibliotecas y lecturas de mujeres :bsiglo XVI /cPedro M. Cátedra, Anastasio Rojo. aMadrid, :bInstituto de Historia del Libro y de la Lectura,c2004. a461 p. :bil., retrs., diagramas ;c24 cm.0 aMaior aIncluye índice. aIncluye notas a pie de páginas. aIncluye referencias bibliográficas (407-429 p.)1 aRojo, Anastasio 0aMaior